<?xml version="1.0" encoding="UTF-8"?>
<record
    xmlns:xsi="http://www.w3.org/2001/XMLSchema-instance"
    xsi:schemaLocation="http://www.loc.gov/MARC21/slim http://www.loc.gov/standards/marcxml/schema/MARC21slim.xsd"
    xmlns="http://www.loc.gov/MARC21/slim">

  <leader>01847cam a2200193 a 4500</leader>
  <datafield tag="020" ind1=" " ind2=" ">
    <subfield code="a">9789004170261 (hardback : alk. paper)</subfield>
  </datafield>
  <datafield tag="020" ind1=" " ind2=" ">
    <subfield code="a">900417026X (hardback : alk. paper)</subfield>
  </datafield>
  <datafield tag="041" ind1=" " ind2=" ">
    <subfield code="a">ENG</subfield>
  </datafield>
  <datafield tag="082" ind1=" " ind2=" ">
    <subfield code="a">275.98</subfield>
    <subfield code="b">STE</subfield>
  </datafield>
  <datafield tag="245" ind1="0" ind2="2">
    <subfield code="a">A history of Christianity in Indonesia </subfield>
  </datafield>
  <datafield tag="260" ind1=" " ind2=" ">
    <subfield code="a">Leiden ;</subfield>
    <subfield code="a">Boston ;</subfield>
    <subfield code="b">Brill,</subfield>
    <subfield code="c">2008.</subfield>
  </datafield>
  <datafield tag="300" ind1=" " ind2=" ">
    <subfield code="a">xvi, 1004 p. :</subfield>
    <subfield code="b">ill. ;</subfield>
  </datafield>
  <datafield tag="490" ind1="1" ind2=" ">
    <subfield code="a">Studies in Christian mission,</subfield>
  </datafield>
  <datafield tag="505" ind1="0" ind2=" ">
    <subfield code="a">Pt. 1. The first Christians : until 1800. Christianity in pre-colonial Indonesia -- 1530-1670 : a race between Islam and Christianity? -- Catholic converts in the Moluccas, Minahasa and Sangihe-Talaud, 1512-1680 -- The Solor-Timor mission of the Dominicans 1562-1800 -- The arrival of Protestantism and the consolidation of Christiantiy in the Moluccas 1605-1800 -- Pt. 2. 1800-2005 : chronological and regional surveys. 1800-2005 : a national overview -- Old and new Christianity in the southeastern islands -- Christianity in Papua -- Moluccan Christianity in the 19th and 20th century between Agama Ambon and Islam -- How Christianity obtained a central position in Minahasa culture and society -- Christianity in central and southern Sulawesi -- Kalimantan or Indonesian Borneo -- The sharp contrasts of Sumatra -- Christianity in Javanese culture and society -- A small Christian flock in Bali -- Pt. 3. Issues of national concern. Theological thinking by Indonesian Christians, 1850-2000 -- The ecumenical movement in Indonesia with special attention to the National Council of Churches -- The spectacular growth of the third stream : the Evangelicals and Pentecostals -- Chinese Christian communities in Indonesia -- Christian art in Indonesia -- Christian media.</subfield>
  </datafield>
  <datafield tag="700" ind1="1" ind2=" ">
    <subfield code="a">Aritonang, Jan S.</subfield>
  </datafield>
  <datafield tag="700" ind1="1" ind2=" ">
    <subfield code="a">Steenbrink, Karel A.</subfield>
  </datafield>
  <datafield tag="856" ind1="4" ind2="1">
    <subfield code="u">http://www.loc.gov/catdir/toc/ecip0824/2008031321.html</subfield>
  </datafield>
  <datafield tag="942" ind1=" " ind2=" ">
    <subfield code="c">BK</subfield>
  </datafield>
  <datafield tag="952" ind1=" " ind2=" ">
    <subfield code="0">0</subfield>
    <subfield code="1">0</subfield>
    <subfield code="4">0</subfield>
    <subfield code="7">0</subfield>
    <subfield code="a">HMI</subfield>
    <subfield code="b">HMI</subfield>
    <subfield code="c">GEN</subfield>
    <subfield code="d">2023-09-08</subfield>
    <subfield code="e">Netherlands</subfield>
    <subfield code="l">0</subfield>
    <subfield code="o">275.98 STE</subfield>
    <subfield code="p">11-4747</subfield>
    <subfield code="r">2023-09-08</subfield>
    <subfield code="w">2023-09-08</subfield>
    <subfield code="y">BK</subfield>
  </datafield>
  <datafield tag="999" ind1=" " ind2=" ">
    <subfield code="c">23357</subfield>
    <subfield code="d">23357</subfield>
  </datafield>
</record>
